[Event "Cerdanyola del Valles op 31st"]
[Site "Cerdanyola del Valles"]
[Date "2013.??.??"]
[Round "1"]
[White "Penalver Guardia, Francesco"]
[Black "Garcia Acosta, Roger"]
[Result "0-1"]
[WhiteElo "1830"]
[BlackElo "2031"]
[PlyCount "84"]
[EventDate "2013.10.05"]
[EventType "swiss"]
[EventRounds "8"]
[EventCountry "ESP"]
[SourceTitle "CBM 157 Extra"]
[Source "ChessBase"]
[SourceDate "2013.12.19"]
[SourceVersion "1"]
[SourceVersionDate "2013.12.19"]
[SourceQuality "1"]

1. c4 e6 2. Nc3 d5 3. cxd5 exd5 4. d4 c6 5. e3 Bf5 6. Nge2 Nf6 7. a3 a5 8. Ng3 Bg6 9. Bd3 Bd6 10. Nf5 0-0 11. Nxd6 Qxd6 12. Bxg6 hxg6 13. 0-0 Nbd7 14. Rb1 b5 15. Ne2 a4 16. Bd2 Rfe8 17. Ng3 Nb6 18. Bc3 Nc4 19. Qd3 Ne4 20. Nxe4 Rxe4 21. g3 g5 22. h3 Nxe3 23. Rfe1 Rae8 24. Bb4 Qc7 25. Rbc1 Nc4 26. Rxe4 dxe4 27. Qc2 Qd7 28. Kg2 Qxd4 29. Bc3 Qd3 30. Qxd3 exd3 31. Rd1 d2 32. Kf3 f6 33. Bxd2 Nxb2 34. Rb1 Nc4 35. Bb4 c5 36. Bc3 Nxa3 37. Rb2 b4 38. Bxb4 cxb4 39. Rxb4 Ra8 40. Ke4 Nc2 41. Rc4 a3 42. Rxc2 a2 0-1

[Event "Cerdanyola del Valles op 30th"]
[Site "Cerdanyola del Valles"]
[Date "2012.11.03"]
[Round "5"]
[White "Penalver Guardia, Francesco"]
[Black "Corominas Garrido, Jordi"]
[Result "1/2-1/2"]
[WhiteElo "1849"]
[BlackElo "1930"]
[PlyCount "70"]
[EventDate "2012.09.29"]
[EventType "swiss"]
[EventRounds "8"]
[EventCountry "ESP"]
[SourceTitle "EXT 2014"]
[Source "ChessBase"]
[SourceDate "2013.11.20"]
[SourceVersion "1"]
[SourceVersionDate "2013.11.20"]
[SourceQuality "1"]

1. d4 e6 2. c4 f5 3. Nf3 Nf6 4. Bg5 d5 5. e3 c6 6. Nc3 Be7 7. c5 0-0 8. Bd3 b6 9. b4 Ba6 10. Bxa6 Nxa6 11. a3 b5 12. Ne5 Qe8 13. Bxf6 Bxf6 14. f4 Nc7 15. Kf2 a5 16. g3 a4 17. h4 h5 18. Nd3 g6 19. Ne2 Ra6 20. Ng1 Kg7 21. Nf3 Qe7 22. Nfe5 Qe8 23. Qe2 Rh8 24. Rhg1 Qc8 25. Ke1 Be7 26. Kd2 Ne8 27. Kc2 Nf6 28. Nf2 Qe8 29. Nh3 Bd8 30. Ng5 Bc7 31. Kb2 Ne4 32. Nxe4 dxe4 33. Rad1 Ra8 34. Rd2 Rd8 35. Rgd1 Rd5 1/2-1/2

[Event "Cerdanyola del Valles op 28th"]
[Site "Cerdanyola del Valles"]
[Date "2010.10.16"]
[Round "3"]
[White "Penalver Guardia, Francesco"]
[Black "Garcia Castany Musellas, Gal La"]
[Result "0-1"]
[WhiteElo "1888"]
[BlackElo "1768"]
[PlyCount "112"]
[EventDate "2010.10.02"]
[EventType "swiss"]
[EventRounds "7"]
[EventCountry "ESP"]
[SourceTitle "EXT 2012"]
[Source "ChessBase"]
[SourceDate "2011.11.24"]
[SourceVersion "1"]
[SourceVersionDate "2011.11.24"]
[SourceQuality "1"]

1. d4 d5 2. c4 e6 3. Nf3 Nf6 4. Bg5 Nbd7 5. cxd5 exd5 6. Nc3 Be7 7. e3 c6 8. a3 Nh5 9. Bxe7 Qxe7 10. Be2 Nhf6 11. Qc2 0-0 12. Nd2 Re8 13. 0-0 Ne4 14. Ncxe4 dxe4 15. b4 a6 16. Rfe1 Nb6 17. Qc5 Nd5 18. Qxe7 Rxe7 19. Bc4 Nc7 20. Nb3 Be6 21. Bxe6 Nxe6 22. Nc5 Nxc5 23. bxc5 Kf8 24. Reb1 Rc8 25. a4 Rcc7 26. a5 f5 27. h4 Kf7 28. g3 g6 29. Kf1 h6 30. Ke2 Ke6 31. Kd2 g5 32. hxg5 hxg5 33. Rh1 Rh7 34. Kc3 f4 35. exf4 gxf4 36. Rae1 Kf5 37. gxf4 Kxf4 38. Rhf1 Rh3+ 39. Kc4 Rd7 40. Rh1 Rdh7 41. Rxh3 Rxh3 42. Rb1 Rh7 43. Rb3 Rh1 44. Rg3 Rb1 45. Rg7 Kf3 46. Rf7+ Ke2 47. Rf4 Rc1+ 48. Kb3 Kd3 49. Rh4 Kxd4 50. Kb2 Rxc5 51. f3 Re5 52. fxe4 Rxe4 53. Rh7 Re5 54. Rxb7 Rb5+ 55. Rxb5 cxb5 56. Kb3 Kc5 0-1

[Event "Cerdanyola del Valles op-A 24th"]
[Site "Cerdanyola del Valles"]
[Date "2006.10.14"]
[Round "3.15"]
[White "Penalver Guardia, Francesco"]
[Black "Penalver Guardia, Josep"]
[Result "1/2-1/2"]
[WhiteElo "2035"]
[BlackElo "2015"]
[PlyCount "41"]
[EventDate "2006.09.30"]
[EventType "swiss"]
[EventRounds "8"]
[EventCountry "AUT"]
[SourceTitle "EXT 2024"]
[Source "ChessBase"]
[SourceDate "2023.10.10"]
[SourceVersion "1"]
[SourceVersionDate "2023.10.10"]
[SourceQuality "1"]

1. c4 e5 2. Nc3 Nc6 3. g3 Nf6 4. Bg2 Be7 5. d3 0-0 6. Nf3 d6 7. 0-0 Bd7 8. a3 a5 9. h3 Rb8 10. Rb1 Nd4 11. Nxd4 exd4 12. Nd5 Nxd5 13. cxd5 c6 14. Kh2 Qc7 15. Bd2 Bf6 16. h4 c5 17. b3 b6 18. a4 g6 19. Bh6 Bg7 20. Bxg7 Kxg7 21. Bf3 1/2-1/2